You Can Win (Record no. 310237)

MARC details
000 -LEADER
fixed length control field 00375nam a2200157Ia 4500
008 - FIXED-LENGTH DATA ELEMENTS--GENERAL INFORMATION
fixed length control field 230718s9999 xx 000 0 und d
041 ## - LANGUAGE CODE
Language code of text/sound track or separate title eng
082 ## - DEWEY DECIMAL CLASSIFICATION NUMBER
Classification number 155.64
Item number KHE
100 ## - MAIN ENTRY--PERSONAL NAME
Personal name Khera S.
9 (RLIN) 106205
245 ## - TITLE STATEMENT
Title You Can Win
260 ## - PUBLICATION, DISTRIBUTION, ETC. (IMPRINT)
Date of publication, distribution, etc. 2002
Name of publisher, distributor, etc. Macmillan
300 ## - PHYSICAL DESCRIPTION
Extent 290
365 ## - TRADE PRICE
Currency code Rs.
Price amount 325.00
700 ## - ADDED ENTRY--PERSONAL NAME
Personal name Khera S.
9 (RLIN) 106205
906 ## - LOCAL DATA ELEMENT F, LDF (RLIN)
d B:119330-Aug-2005
c OTH
b 65
Holdings
Withdrawn status Lost status Damaged status Not for loan Home library Current library Date acquired Vendor Budget Code Cost, normal purchase price Bill number Total Checkouts Full call number Barcode Date last seen Discount Cost, replacement price Bill Date Koha item type Original Barcode
        Cummins College of Engineering for Women Pune Cummins College of Engineering for Women Pune 22/03/2005 Goels Computer Hut OTH 260.00 1193   155.64 CCEP-BK-21444 18/07/2023 65 325.00 30/08/2005 Books 021444